LEADER 01429nam 2200373 n 450 001 996392358303316 005 20221108045218.0 035 $a(CKB)4940000000108710 035 $a(EEBO)2240925870 035 $a(UnM)99863895 035 $a(EXLCZ)994940000000108710 100 $a19930804d1648 uy | 101 0 $aeng 135 $aurbn||||a|bb| 200 12$aA sermon preached to the Honorable House of Commons assembled in Parliament$b[electronic resource] $eat their late solemne fast, Januar. 26. 1647. at Margarets Westminster. /$fBy Steven Marshall, B.D 210 $aLondon $cPrinted by Richard Cotes, for Steven Bowtell, at the signe of the Bible in Popes-head Alley$d1647 [i.e. 1648] 215 $a[8], 40 p 300 $aWith a preliminary order to print. 300 $aReproduction of the original in the British Library. 330 $aeebo-0018 606 $aFast-day sermons$y17th century 606 $aSermons, English$y17th century 607 $aGreat Britain$xHistory$yCivil War, 1642-1649$xReligious aspects$vSermons 615 0$aFast-day sermons 615 0$aSermons, English 700 $aMarshall$b Stephen$f1594?-1655.$01001459 801 0$bCu-RivES 801 1$bCu-RivES 801 2$bCStRLIN 801 2$bWaOLN 906 $aBOOK 912 $a996392358303316 996 $aA sermon preached to the Honorable House of Commons assembled in Parliament$92369226 997 $aUNISA LEADER 02716nam 2200493Ka 450 001 9910477079103321 005 20240912105324.2 035 $a(CKB)5470000000569151 035 $a(oapen)https://directory.doabooks.org/handle/20.500.12854/26906 035 $a(VLeBooks)9781317569145 035 $a(ODN)ODN0004139462 035 $a(EXLCZ)995470000000569151 100 $a20210802d2014 uy 0 101 0 $aeng 135 $aurcn|---||||| 181 $ctxt$2rdacontent 182 $cc$2rdamedia 183 $acr$2rdacarrier 200 10$aNational museums and nation-building in europe, 1750-2010 $eMobilization and legitimacy, continuity and change. /$fPeter Aronsson 205 $a1st 210 $d2014 215 $a1 online resource 311 08$a1-317-56914-8 311 08$a0-8153-4674-3 330 $aEurope's national museums have since their creation been at the centre of on-going nation making processes. National museums negotiate conflicts and contradictions and entrain the community sufficiently to obtain the support of scientists and art connoisseurs, citizens and taxpayers, policy makers, domestic and foreign visitors alike. National Museums and Nation-building in Europe 1750-2010 assess the national museum as a manifestation of cultural and political desires, rather than that a straightforward representation of the historical facts of a nation. National Museums and Nation-building in Europe 1750-2010 examines the degree to which national museums have created models and representations of nations, their past, present and future, and proceeds to assess the consequences of such attempts. Revealing how different types of nations and states ? former empires, monarchies, republics, pre-modern, modern or post-imperial entities ? deploy and prioritise different types of museums (based on art, archaeology, culture and ethnography) in their making, this book constitutes the first comprehensive and comparative perspective on national museums in Europe and their intricate relationship to the making of nations and states. 606 $aMuseums 606 $aNational museums 606 $aNationalism 606 $aPolitical culture 606 $aPopular culture 615 0$aMuseums. 615 0$aNational museums. 615 0$aNationalism. 615 0$aPolitical culture. 615 0$aPopular culture. 676 $a069.094 686 $aSOC003000$2bisacsh 700 $aAronsson$b Peter$0883370 701 $aAronsson$b Peter$0883370 701 $aElgenius$b Gabriella$01744874 906 $aBOOK 912 $a9910477079103321 996 $aNational museums and nation-building in europe, 1750-2010$94291756 997 $aUNINA